|
|
|
|
| LEADER |
01094nam a22002417a 4500 |
| 001 |
BD-DhAAL |
| 003 |
BD-DhAAL |
| 005 |
20160302121105.0 |
| 008 |
160302s 1994bg a|||| b||| 00| 0 ben d |
| 020 |
|
|
|a 9840729667
|
| 040 |
|
|
|a BD-DhAAL
|c BD-DhAAL
|
| 082 |
|
|
|a 891.44
|
| 100 |
|
|
|a হাননান, মোহাম্মদ
|9 18303
|
| 245 |
|
|
|a বাংলা সাহিত্যে মতাদর্শগত বিরোধ ও শ্রেনীদ্বন্দ্ব :
|b মনসামঙ্গলকাব্য /
|c মোহাম্মদ হাননান
|
| 260 |
|
|
|a ঢাকা :
|b বাংলা একাডেমী,
|c ১৯৯৪
|
| 300 |
|
|
|a ১৫৭ পৃ. :
|b চিত্র ;
|c ২২ সে.মি.
|
| 504 |
|
|
|6 Includes bibliographies
|
| 541 |
|
|
|e 4458
|
| 650 |
|
|
|a বাংলা সাহিত্য
|9 18304
|
| 852 |
|
|
|a Savar Campus Library
|c General Shelf
|
| 942 |
|
|
|2 ddc
|c BK
|
| 999 |
|
|
|c 37001
|d 37001
|
| 952 |
|
|
|0 0
|1 0
|2 ddc
|4 0
|6 891_440000000000000_HAN
|7 0
|9 58255
|a SCL
|b SCL
|c GEN
|d 2016-03-02
|g 75.00
|l 0
|o 891.44 HAN
|p 3020004458
|r 2016-03-02
|t 1
|w 2016-03-02
|y BK
|